| 000 | 00965nam a2200229Ia 4500 | ||
|---|---|---|---|
| 003 | IN-BaIIA | ||
| 008 | 211028s9999 xx s 000 0 eng d | ||
| 020 | _a978-1-108-47158-9 (Print) | ||
| 022 | _a1743-9213 (Print) | ||
| 022 | _a1743-9221 (Online) | ||
| 040 | _cIIA Library | ||
| 100 |
_aOskinova, L. M., ed. _940751 |
||
| 245 | 0 |
_aHigh-mass X-ray Binaries: Illuminating the Passage from Massive Binaries to Merging Compact Objects _h[eBook] |
|
| 260 |
_aCambridge _bCambridge University Press _c2020 |
||
| 300 | _aOnline resource | ||
| 490 | _aIAU Symposium; no. 346 | ||
| 700 |
_aBozzo, E., ed. _940752 |
||
| 700 |
_aBulik, T., ed. _940753 |
||
| 700 |
_aDouglas R. G., ed. _940754 |
||
| 856 |
_uhttps://www.cambridge.org/core/journals/proceedings-of-the-international-astronomical-union/issue/BFF3E2C2AAE1AB336A70B1D29AC97A61 _yClick Here to Access eBook |
||
| 942 | _cEB | ||
| 999 |
_c22055 _d22055 |
||